[Event "Pilsen Region-chT 2223"]
[Site "Czech Republic"]
[Date "2023.01.29"]
[Round "7.5"]
[White "Falout, Lubos"]
[Black "Valenz, Miroslav"]
[Result "1-0"]
[WhiteElo "2077"]
[BlackElo "2003"]
[PlyCount "45"]
[EventDate "2022.10.09"]
[EventType "team-tourn"]
[EventRounds "11"]
[EventCountry "CZE"]
[SourceTitle "EXT 2024"]
[Source "ChessBase"]
[SourceDate "2023.10.10"]
[SourceVersion "1"]
[SourceVersionDate "2023.10.10"]
[SourceQuality "1"]
[WhiteTeam "Plzen Letna"]
[BlackTeam "Domazlice"]
[WhiteTeamCountry "CZE"]
[BlackTeamCountry "CZE"]

1. e4 c5 2. d4 cxd4 3. c3 d5 4. exd5 Qxd5 5. cxd4 g6 6. Nc3 Qd8 7. Bf4 Bg7 8. Bb5+ Bd7 9. Qa4 Nf6 10. Bxb8 Qxb8 11. Nf3 a6 12. Bxd7+ Nxd7 13. 0-0 b5 14. Qb4 Ra7 15. Rfe1 Nb6 16. a4 0-0 17. axb5 axb5 18. Rxa7 Qxa7 19. Rxe7 Qa8 20. Qxb5 Qd8 21. Rb7 Nc8 22. Rd7 Qf6 23. h3 1-0

[Event "CZE-chT2A 1415"]
[Site "Czech Republic"]
[Date "2015.03.29"]
[Round "10.2"]
[White "Falout, Lubos"]
[Black "Palek, Miroslav"]
[Result "1/2-1/2"]
[WhiteElo "2131"]
[BlackElo "2226"]
[PlyCount "91"]
[EventDate "2014.11.02"]
[EventType "team-tourn"]
[EventRounds "11"]
[EventCountry "CZE"]
[SourceTitle "EXT 2022"]
[Source "ChessBase"]
[SourceDate "2021.10.06"]
[SourceVersion "1"]
[SourceVersionDate "2021.10.06"]
[SourceQuality "1"]
[WhiteTeam "Plzen Letna"]
[BlackTeam "Line"]
[WhiteTeamCountry "CZE"]
[BlackTeamCountry "CZE"]

1. e4 d6 2. d4 e5 3. dxe5 dxe5 4. Qxd8+ Kxd8 5. Be3 Be6 6. Nc3 Nd7 7. 0-0-0 Ngf6 8. f3 c6 9. a3 Kc7 10. g3 a5 11. Bh3 Bc5 12. Bxc5 Nxc5 13. Bxe6 Nxe6 14. Nge2 Rad8 15. h4 h5 16. Rxd8 Rxd8 17. Rd1 Rg8 18. Kd2 b5 19. Ke3 Nc5 20. Na2 Na4 21. b3 Nb6 22. Nac1 a4 23. Nd3 Nfd7 24. f4 Re8 25. fxe5 Nxe5 26. Nxe5 Rxe5 27. Rf1 f6 28. Rf5 Nd5+ 29. Kd4 Rxf5 30. exf5 b4 31. bxa4 bxa3 32. Nc1 Nb4 33. Kc3 a2 34. Nb3 c5 35. Kb2 Kd6 36. c3 Nd5 37. a5 c4 38. Nd4 Nxc3 39. a6 Ke5 40. a7 Na4+ 41. Kxa2 Nb6 42. Ne6 Kxf5 43. Nxg7+ Kg4 44. Ne8 Kxg3 45. Nxf6 Kxh4 46. Nxh5 1/2-1/2

[Event "CZE-chT2A 1314"]
[Site "Czech Republic"]
[Date "2014.01.19"]
[Round "6.3"]
[White "Lorenc, Tomas"]
[Black "Falout, Lubos"]
[Result "1/2-1/2"]
[WhiteElo "2096"]
[BlackElo "2117"]
[PlyCount "123"]
[EventDate "2013.11.03"]
[EventType "team-tourn"]
[EventRounds "11"]
[EventCountry "CZE"]
[SourceTitle "EXT 2015"]
[Source "ChessBase"]
[SourceDate "2014.11.20"]
[SourceVersion "1"]
[SourceVersionDate "2014.11.20"]
[SourceQuality "1"]
[WhiteTeam "Karlovy Vary II"]
[BlackTeam "Plzen Letna"]
[WhiteTeamCountry "CZE"]
[BlackTeamCountry "CZE"]

1. b4 e6 2. Bb2 d5 3. e3 Nf6 4. b5 a6 5. a4 axb5 6. axb5 Rxa1 7. Bxa1 Be7 8. Nf3 0-0 9. Be2 c5 10. 0-0 Bd7 11. c4 dxc4 12. Bxc4 Nd5 13. Nc3 Nb6 14. Be2 Be8 15. Qc2 N8d7 16. Ne4 f6 17. d4 cxd4 18. Nxd4 Bf7 19. Rc1 Qa8 20. Bb2 Rc8 21. Qd1 Rxc1 22. Qxc1 Qa2 23. h3 Bf8 24. Nc3 Qa5 25. Bf3 Nc5 26. Ne4 Nxe4 27. Bxe4 e5 28. Bc3 Qa4 29. Bc2 Qa2 30. Nf3 Qc4 31. Qb2 Nd5 32. Bxe5 fxe5 33. Nxe5 Qc3 34. Qxc3 Nxc3 35. Bxh7+ Kxh7 36. Nxf7 Nxb5 37. Ng5+ Kg6 38. f4 Nc3 39. Ne6 Bd6 40. Kf2 b5 41. Kf3 b4 42. Nd4 Bc5 43. Nb3 Bb6 44. g4 Kf6 45. h4 Ke6 46. h5 Nd1 47. e4 Nc3 48. g5 Nb5 49. f5+ Kf7 50. e5 Nd4+ 51. Nxd4 Bxd4 52. e6+ Ke7 53. Ke4 b3 54. Kd3 Be5 55. h6 gxh6 56. gxh6 Bf6 57. h7 Kf8 58. Kd2 Kg7 59. h8B+ Kxh8 60. e7 Bxe7 61. Kc3 Bf6+ 62. Kxb3 1/2-1/2

[Event "CZE-chT2A 1213"]
[Site "Czech Republic"]
[Date "2012.12.16"]
[Round "5.4"]
[White "Contos, Vaclav"]
[Black "Falout, Lubos"]
[Result "1/2-1/2"]
[WhiteElo "2082"]
[BlackElo "2130"]
[PlyCount "93"]
[EventDate "2012.10.14"]
[EventType "team-tourn"]
[EventRounds "11"]
[EventCountry "CZE"]
[SourceTitle "EXT 2015"]
[Source "ChessBase"]
[SourceDate "2014.11.20"]
[SourceVersion "1"]
[SourceVersionDate "2014.11.20"]
[SourceQuality "1"]
[WhiteTeam "Karlovy Vary"]
[BlackTeam "Plzen Letna"]
[WhiteTeamCountry "CZE"]
[BlackTeamCountry "CZE"]

1. e4 e6 2. d4 d5 3. e5 c5 4. c3 Nc6 5. a3 c4 6. Nf3 Bd7 7. Be2 Qb6 8. Nbd2 Na5 9. 0-0 Ne7 10. Qc2 h6 11. Re1 Nec6 12. Rb1 Be7 13. Nf1 0-0-0 14. Be3 g5 15. Ng3 f5 16. exf6 Bxf6 17. Nd2 Qc7 18. Nh5 Be7 19. Bg4 Rdf8 20. Nf3 Bd6 21. Re2 Nd8 22. Rbe1 Nac6 23. Bc1 Rf7 24. Ne5 Nxe5 25. dxe5 Bc5 26. Be3 Rhf8 27. Bd4 Qb6 28. Rd1 Nc6 29. Bxc5 Qxc5 30. Qd2 Kc7 31. h3 Qb6 32. Nf6 Be8 33. Bh5 Re7 34. Ng4 Bd7 35. Kh2 Rh8 36. f4 gxf4 37. Qxf4 Qc5 38. Qf6 Reh7 39. Bg6 Rf8 40. Qh4 Rhh8 41. Nf6 b5 42. Qg3 Bc8 43. h4 a5 44. h5 b4 45. axb4 axb4 46. Rc1 Bb7 47. Rec2 1/2-1/2

[Event "CZE-chT2A 1213"]
[Site "Czech Republic"]
[Date "2012.11.18"]
[Round "3.2"]
[White "Neuman, Petr"]
[Black "Falout, Lubos"]
[Result "1-0"]
[WhiteElo "2471"]
[BlackElo "2130"]
[PlyCount "65"]
[EventDate "2012.10.14"]
[EventType "team-tourn"]
[EventRounds "11"]
[EventCountry "CZE"]
[SourceTitle "EXT 2015"]
[Source "ChessBase"]
[SourceDate "2014.11.20"]
[SourceVersion "1"]
[SourceVersionDate "2014.11.20"]
[SourceQuality "1"]
[WhiteTeam "Kozolupy"]
[BlackTeam "Plzen Letna"]
[WhiteTeamCountry "CZE"]
[BlackTeamCountry "CZE"]

1. d4 e6 2. c4 Nf6 3. Nc3 Bb4 4. Qc2 d5 5. a3 Bxc3+ 6. Qxc3 dxc4 7. Qxc4 0-0 8. Nf3 b6 9. Bf4 Ba6 10. Qxc7 Qxc7 11. Bxc7 Rc8 12. Bf4 Nbd7 13. Nd2 Rc2 14. Rb1 Nd5 15. Bg3 Rac8 16. Kd1 f5 17. e3 Bxf1 18. Rxf1 N7f6 19. Re1 Kf7 20. f3 g5 21. Bf2 h5 22. Re2 Kg6 23. Nb3 Rxe2 24. Kxe2 Rc2+ 25. Nd2 Nd7 26. Kd3 Rc8 27. Nb3 e5 28. Rc1 Rd8 29. Ke2 e4 30. fxe4 fxe4 31. Rc6+ N7f6 32. Nd2 h4 33. Nxe4 1-0

[Event "CZE-chT2A 1112"]
[Site "Czech Republic"]
[Date "2012.04.22"]
[Round "11"]
[White "Hosticka, Frantisek"]
[Black "Falout, Lubos"]
[Result "1-0"]
[WhiteElo "2278"]
[BlackElo "2174"]
[PlyCount "147"]
[EventDate "2011.10.09"]
[EventType "team-tourn"]
[EventRounds "11"]
[EventCountry "CZE"]
[SourceTitle "EXT 2013"]
[Source "ChessBase"]
[SourceDate "2012.11.22"]
[SourceVersion "1"]
[SourceVersionDate "2012.11.22"]
[SourceQuality "1"]
[WhiteTeam "Ceske Budejovice"]
[BlackTeam "Plzen Letna"]
[WhiteTeamCountry "CZE"]
[BlackTeamCountry "CZE"]

1. e4 e6 2. d4 d5 3. exd5 exd5 4. Qf3 Nf6 5. h3 Bd6 6. Bd3 0-0 7. Bg5 Nbd7 8. Ne2 c6 9. Nd2 Qb6 10. b3 h6 11. Be3 Qa5 12. 0-0 b6 13. a3 b5 14. Ng3 Re8 15. Nf5 Bf8 16. b4 Qd8 17. Nb3 Ne4 18. Na5 Re6 19. Ng3 Ndf6 20. Bf4 g5 21. Be3 Qc7 22. Rae1 Bd7 23. Nh5 Rae8 24. Nb3 Nxh5 25. Qxh5 f5 26. Bxe4 dxe4 27. Nc5 Rf6 28. d5 cxd5 29. Rd1 Rd6 30. Rd2 Rd8 31. Rfd1 Be8 32. Qe2 Bg7 33. Bd4 f4 34. Qg4 Qf7 35. Bxg7 Kxg7 36. Nxe4 Ra6 37. Nc5 Rg6 38. Qe2 Rdd6 39. Re1 Bc6 40. Qe5+ Kg8 41. f3 h5 42. Qe7 g4 43. hxg4 hxg4 44. Qxf7+ Kxf7 45. Rd4 gxf3 46. Rxf4+ Rdf6 47. Rxf6+ Kxf6 48. Re6+ Kf5 49. Rxg6 Kxg6 50. gxf3 d4 51. Nb3 Bxf3 52. Nxd4 Bd1 53. Nxb5 Bxc2 54. Nxa7 Kf5 55. Kf2 Ke4 56. Ke2 Kd4 57. Kd2 Ba4 58. Nc8 Bd7 59. Nb6 Bf5 60. a4 Be4 61. a5 Bd3 62. Nd5 Kc4 63. a6 Be4 64. Nc3 Bg2 65. b5 Kc5 66. Kd3 Kb6 67. Kd4 Ba8 68. Kc4 Bg2 69. Kb4 Bf1 70. Nd5+ Ka7 71. Ka5 Bg2 72. b6+ Kb8 73. Nc7 Bf3 74. a7+ 1-0

[Event "CZE-chT2A 1112"]
[Site "Czech Republic"]
[Date "2012.01.22"]
[Round "6"]
[White "Hruby, Milan"]
[Black "Falout, Lubos"]
[Result "1/2-1/2"]
[WhiteElo "2107"]
[BlackElo "2174"]
[PlyCount "52"]
[EventDate "2011.10.09"]
[EventType "team-tourn"]
[EventRounds "11"]
[EventCountry "CZE"]
[SourceTitle "EXT 2013"]
[Source "ChessBase"]
[SourceDate "2012.11.22"]
[SourceVersion "1"]
[SourceVersionDate "2012.11.22"]
[SourceQuality "1"]
[WhiteTeam "Tabor Sokol"]
[BlackTeam "Plzen Letna"]
[WhiteTeamCountry "CZE"]
[BlackTeamCountry "CZE"]

1. e4 e6 2. d4 d5 3. Nd2 dxe4 4. Nxe4 Nd7 5. g3 Ngf6 6. Nxf6+ Nxf6 7. Bg2 c5 8. Nf3 cxd4 9. Qxd4 Qxd4 10. Nxd4 a6 11. 0-0 Bd6 12. Rd1 Bc7 13. Nb3 Rb8 14. Be3 Nd7 15. c4 0-0 16. Rac1 Be5 17. Nd4 Nf6 18. h3 h6 19. b4 Bd7 20. Nf3 Bc7 21. Bc5 Rfe8 22. Bd6 Rbc8 23. Bxc7 Rxc7 24. Ne5 Ba4 25. Rd6 Rec8 26. c5 Bc6 1/2-1/2

[Event "CZE-chT2A 1011"]
[Site "Czech Republic"]
[Date "2010.11.07"]
[Round "2"]
[White "Falout, Lubos"]
[Black "Ptak, Pavel"]
[Result "1/2-1/2"]
[WhiteElo "2204"]
[BlackElo "2128"]
[PlyCount "81"]
[EventDate "2010.10.17"]
[EventType "team-tourn"]
[EventRounds "11"]
[EventCountry "CZE"]
[SourceTitle "EXT 2012"]
[Source "ChessBase"]
[SourceDate "2011.11.24"]
[SourceVersion "1"]
[SourceVersionDate "2011.11.24"]
[SourceQuality "1"]
[WhiteTeam "Plzen Letna"]
[BlackTeam "Pisek Platan"]
[WhiteTeamCountry "CZE"]
[BlackTeamCountry "CZE"]

1. e4 g6 2. d4 Bg7 3. Nf3 c5 4. Nc3 cxd4 5. Nxd4 Nc6 6. Be3 Nf6 7. f3 0-0 8. Nxc6 dxc6 9. Qxd8 Rxd8 10. Bc4 Ne8 11. Kf2 Nc7 12. Rad1 Be6 13. Bb3 Bxb3 14. axb3 Ne6 15. Rxd8+ Rxd8 16. Ra1 a6 17. Na4 f5 18. exf5 gxf5 19. g3 Kf7 20. c3 h5 21. Nb6 h4 22. Nc4 h3 23. Ke2 f4 24. gxf4 Kf6 25. Rg1 Bh6 26. Rg4 Kf5 27. Rh4 Bxf4 28. Rxh3 b5 29. Bb6 Rg8 30. Ne3+ Bxe3 31. Bxe3 Rg2+ 32. Kd3 Nf4+ 33. Bxf4 Kxf4 34. Rh7 Rxb2 35. b4 Kxf3 36. Rxe7 Rxh2 37. Re6 Kf4 38. Rxc6 Ra2 39. Kd4 Ra3 40. Kd5 Kf3 41. Kd4 1/2-1/2

[Event "CZE-chT2A 0910"]
[Site "Czech Republic"]
[Date "2010.02.28"]
[Round "8.2"]
[White "Vorisek, Jaroslav"]
[Black "Falout, Lubos"]
[Result "1-0"]
[WhiteElo "2255"]
[BlackElo "2190"]
[PlyCount "59"]
[EventDate "2009.10.18"]
[EventType "team-tourn"]
[EventRounds "11"]
[EventCountry "CZE"]
[SourceTitle "EXT 2012"]
[Source "ChessBase"]
[SourceDate "2011.11.24"]
[SourceVersion "1"]
[SourceVersionDate "2011.11.24"]
[SourceQuality "1"]
[WhiteTeam "Praha Bohemians II"]
[BlackTeam "Plzen Letna"]
[WhiteTeamCountry "CSR"]
[BlackTeamCountry "CZE"]

1. d4 e6 2. Nf3 Nf6 3. g3 b6 4. Bg2 Bb7 5. 0-0 Be7 6. c4 c5 7. Nc3 cxd4 8. Qxd4 Nc6 9. Qf4 0-0 10. e4 d6 11. b3 a6 12. Bb2 Qc7 13. Rac1 Rac8 14. Nd5 exd5 15. cxd5 Qb8 16. dxc6 Bxc6 17. Nd4 Bd7 18. Nf5 Bxf5 19. Qxf5 Rc5 20. Rxc5 dxc5 21. e5 Ne8 22. Rd1 Nc7 23. Rd7 Bd8 24. e6 Nxe6 25. Rxf7 Rxf7 26. Qxe6 Bf6 27. Bxf6 gxf6 28. Bd5 Qc7 29. Qxf6 Kf8 30. Qh8+ 1-0

[Event "CZE-chT2A 0910"]
[Site "Czech Republic"]
[Date "2009.10.18"]
[Round "1.2"]
[White "Novak, Michal"]
[Black "Falout, Lubos"]
[Result "1/2-1/2"]
[WhiteElo "2177"]
[BlackElo "2190"]
[PlyCount "20"]
[EventDate "2009.10.18"]
[EventType "team-tourn"]
[EventRounds "11"]
[EventCountry "CZE"]
[SourceTitle "EXT 2012"]
[Source "ChessBase"]
[SourceDate "2011.11.24"]
[SourceVersion "1"]
[SourceVersionDate "2011.11.24"]
[SourceQuality "1"]
[WhiteTeam "Klatovy"]
[BlackTeam "Plzen Letna"]
[WhiteTeamCountry "CZE"]
[BlackTeamCountry "CZE"]

1. e4 e6 2. d4 d5 3. Nd2 dxe4 4. Nxe4 Nd7 5. Nf3 Ngf6 6. Bd3 Nxe4 7. Bxe4 Nf6 8. Bd3 Be7 9. 0-0 0-0 10. c3 b6 1/2-1/2

[Event "CZE-chT1W 0809"]
[Site "Czech Republic"]
[Date "2009.03.29"]
[Round "11.5"]
[White "Falout, Lubos"]
[Black "Vokoun, Jan"]
[Result "1-0"]
[WhiteElo "2205"]
[BlackElo "2221"]
[PlyCount "113"]
[EventDate "2008.10.19"]
[EventType "team-tourn"]
[EventRounds "11"]
[EventCountry "CZE"]
[SourceTitle "EXT 2010"]
[Source "ChessBase"]
[SourceDate "2010.11.25"]
[SourceVersion "1"]
[SourceVersionDate "2010.11.25"]
[SourceQuality "1"]
[WhiteTeam "Plzen Letna"]
[BlackTeam "Praha Pankrac"]
[WhiteTeamCountry "CZE"]
[BlackTeamCountry "CZE"]

1. e4 g6 2. d4 c6 3. Nf3 Bg7 4. Be2 d6 5. 0-0 Nf6 6. Nc3 0-0 7. h3 Nbd7 8. e5 Ne8 9. Bf4 Nb6 10. Qc1 Nd5 11. Nxd5 cxd5 12. Bh6 Qb6 13. c3 Bd7 14. Re1 Nc7 15. exd6 Qxd6 16. Bf4 Qb6 17. Ne5 Be6 18. Bd3 Rac8 19. Re2 Rfe8 20. Qe3 f6 21. Nxg6 hxg6 22. Bxc7 Rxc7 23. Qxe6+ Qxe6 24. Rxe6 Kf7 25. Rae1 a6 26. Bc2 Bf8 27. Bb3 Rd8 28. Rb6 Rdd7 29. Ba4 Rd8 30. f4 Bh6 31. g3 g5 32. f5 g4 33. h4 Rh8 34. Kg2 Rb8 35. Bd1 Rc6 36. Re6 Rxe6 37. fxe6+ Ke8 38. Bxg4 Kd8 39. a4 Kc7 40. a5 Rg8 41. Kh3 Bd2 42. Bf3 Rd8 43. Kg4 Be1 44. Kf4 Rg8 45. g4 Bxh4 46. Bxd5 Rb8 47. Kf5 Bg3 48. Bf3 Kc8 49. c4 Bc7 50. c5 Bxb6 51. cxb6 Kd8 52. Kg6 Rc8 53. Bxb7 Rc4 54. Bxa6 Ra4 55. b4 Rxb4 56. Bb7 Rb5 57. a6 1-0

[Event "CZE-chT1W 0809"]
[Site "Czech Republic"]
[Date "2009.02.01"]
[Round "7.6"]
[White "Nemec, Pavel"]
[Black "Falout, Lubos"]
[Result "1-0"]
[WhiteElo "2234"]
[BlackElo "2205"]
[PlyCount "79"]
[EventDate "2008.10.19"]
[EventType "team-tourn"]
[EventRounds "11"]
[EventCountry "CZE"]
[SourceTitle "EXT 2010"]
[Source "ChessBase"]
[SourceDate "2010.11.25"]
[SourceVersion "1"]
[SourceVersionDate "2010.11.25"]
[SourceQuality "1"]
[WhiteTeam "Chrudim"]
[BlackTeam "Plzen Letna"]
[WhiteTeamCountry "CZE"]
[BlackTeamCountry "CZE"]

1. e4 e6 2. d4 d5 3. e5 c5 4. c3 Nc6 5. Nf3 Qb6 6. a3 c4 7. g3 Bd7 8. h4 0-0-0 9. Bh3 h6 10. Nbd2 Na5 11. Rb1 Ne7 12. Kf1 Rg8 13. Kg2 g5 14. hxg5 hxg5 15. Bg4 Nf5 16. Nf1 Be7 17. Rh5 f6 18. exf6 Bxf6 19. Bxg5 Bxg5 20. Rxg5 Rxg5 21. Nxg5 Rg8 22. f4 Nc6 23. Bxf5 exf5 24. Nh2 Re8 25. Nhf3 Re3 26. Qc2 Qb3 27. Qxb3 cxb3 28. Kf2 Re8 29. Nf7 Kc7 30. N7e5 Rh8 31. Kg2 Be8 32. Nxc6 Bxc6 33. Rh1 Rxh1 34. Kxh1 a5 35. Kg2 Kd6 36. Ne5 Be8 37. g4 fxg4 38. Kg3 Ke6 39. Kxg4 Kf6 40. f5 1-0

[Event "CZE-chT1W 0809"]
[Site "Czech Republic"]
[Date "2008.12.14"]
[Round "5.6"]
[White "Svatos, Jan"]
[Black "Falout, Lubos"]
[Result "1-0"]
[WhiteElo "2299"]
[BlackElo "2205"]
[PlyCount "75"]
[EventDate "2008.10.19"]
[EventType "team-tourn"]
[EventRounds "11"]
[EventCountry "CZE"]
[SourceTitle "EXT 2010"]
[Source "ChessBase"]
[SourceDate "2010.11.25"]
[SourceVersion "1"]
[SourceVersionDate "2010.11.25"]
[SourceQuality "1"]
[WhiteTeam "Vrsovice"]
[BlackTeam "Plzen Letna"]
[WhiteTeamCountry "CZE"]
[BlackTeamCountry "CZE"]

1. e4 e6 2. d4 d5 3. Nd2 dxe4 4. Nxe4 Nd7 5. g3 Ngf6 6. Nxf6+ Nxf6 7. Bg2 c5 8. Nf3 cxd4 9. Qxd4 Qxd4 10. Nxd4 a6 11. 0-0 Be7 12. Nb3 0-0 13. Na5 Nd5 14. Rd1 Bf6 15. Rb1 b6 16. Nc4 b5 17. Ne3 Bb7 18. Nxd5 exd5 19. Be3 Rfd8 20. Bd4 Bxd4 21. Rxd4 Rac8 22. c3 Rc4 23. Rxc4 bxc4 24. b3 Bc8 25. bxc4 Bf5 26. Rd1 Rb8 27. cxd5 Rb2 28. d6 Bd7 29. c4 Rc2 30. Rb1 g6 31. Bd5 Bh3 32. f4 Rxa2 33. Rb8+ Kg7 34. Rb7 Ra1+ 35. Kf2 Ra2+ 36. Ke3 Rxh2 37. Rxf7+ Kh6 38. d7 1-0

[Event "CZE-chT2a 0607"]
[Site "Czech Republic"]
[Date "2007.04.15"]
[Round "11.3"]
[White "Simak, Pavel"]
[Black "Falout, Lubos"]
[Result "1/2-1/2"]
[WhiteElo "2181"]
[BlackElo "2184"]
[PlyCount "89"]
[EventDate "2006.10.15"]
[EventType "team"]
[EventRounds "11"]
[EventCountry "CZE"]
[SourceTitle "EXT 2009"]
[Source "ChessBase"]
[SourceDate "2008.11.26"]
[SourceVersion "1"]
[SourceVersionDate "2008.11.26"]
[SourceQuality "1"]
[WhiteTeam "Tabor"]
[BlackTeam "Plzen Letna"]
[WhiteTeamCountry "CZE"]
[BlackTeamCountry "CZE"]

1. d4 e6 2. c4 Nf6 3. Nc3 Bb4 4. Qc2 0-0 5. a3 Bxc3+ 6. Qxc3 Ne4 7. Qc2 f5 8. Nf3 b6 9. e3 Bb7 10. b3 d6 11. Bb2 Nd7 12. Bd3 Ndf6 13. h3 Qe7 14. b4 a5 15. 0-0 g5 16. c5 bxc5 17. bxc5 Bd5 18. Rac1 g4 19. hxg4 Nxg4 20. cxd6 cxd6 21. Qc7 Qxc7 22. Rxc7 Rab8 23. Bc1 Rfc8 24. Rxc8+ Rxc8 25. Bb2 Rb8 26. Bc1 Rb3 27. Ne1 Ngf6 28. f3 Nc3 29. Rf2 Rb8 30. Rc2 Na2 31. Bd2 a4 32. Bc4 Bxc4 33. Rxc4 Rb2 34. Rc2 Rxc2 35. Nxc2 Nd5 36. Kf2 Nac3 37. Bxc3 Nxc3 38. Ke1 Kf7 39. Kd2 Nb5 40. Kd3 d5 41. Ke2 Kg6 42. Kf2 Nc3 43. Nb4 Kf6 44. Nd3 Nb5 45. Nc5 1/2-1/2

[Event "CZE-chT2a 0607"]
[Site "Czech Republic"]
[Date "2006.12.17"]
[Round "5.4"]
[White "Simek, Petr1111"]
[Black "Falout, Lubos"]
[Result "1-0"]
[WhiteElo "2259"]
[BlackElo "2184"]
[PlyCount "83"]
[EventDate "2006.10.15"]
[EventType "team"]
[EventRounds "11"]
[EventCountry "CZE"]
[SourceTitle "EXT 2009"]
[Source "ChessBase"]
[SourceDate "2008.11.26"]
[SourceVersion "1"]
[SourceVersionDate "2008.11.26"]
[SourceQuality "1"]
[WhiteTeam "Kobylisy"]
[BlackTeam "Plzen Letna"]
[WhiteTeamCountry "CZE"]
[BlackTeamCountry "CZE"]

1. e4 e6 2. d4 d5 3. Nd2 dxe4 4. Nxe4 Nd7 5. Nf3 Ngf6 6. Nxf6+ Nxf6 7. c3 Be7 8. Bg5 0-0 9. Bd3 b6 10. Qe2 Bb7 11. 0-0-0 c5 12. dxc5 Qc7 13. Ne5 bxc5 14. h4 Rfd8 15. h5 Rab8 16. h6 g6 17. Rhe1 Rf8 18. f4 Bd5 19. c4 Ba8 20. g4 Qb6 21. b3 Qa6 22. Qb2 Rfd8 23. Nxg6 fxg6 24. Bxf6 Re8 25. Bxe7 Rxe7 26. f5 e5 27. Rxe5 Rbe8 28. Rde1 Qd6 29. Rxe7 Rxe7 30. Rxe7 Qxe7 31. fxg6 hxg6 32. Qd2 Kh7 33. g5 Qe5 34. Kc2 Bc6 35. Qc3 Qe7 36. a4 Be8 37. a5 Bc6 38. Kb2 Bb7 39. Qf6 Qxf6+ 40. gxf6 Kxh6 41. f7 Kg7 42. Bxg6 1-0

[Event "CZE-chT2a 0405"]
[Site "Czech Republic"]
[Date "2005.04.10"]
[Round "11.2"]
[White "Falout, Lubos"]
[Black "Rosenzweig, Vladimir L"]
[Result "0-1"]
[WhiteElo "2197"]
[BlackElo "2133"]
[PlyCount "56"]
[EventDate "2004.10.17"]
[EventType "team"]
[EventRounds "11"]
[EventCountry "CZE"]
[SourceTitle "EXT 2007"]
[Source "ChessBase"]
[SourceDate "2006.11.23"]
[SourceVersion "1"]
[SourceVersionDate "2006.11.23"]
[SourceQuality "1"]
[WhiteTeam "Plzen Letna"]
[BlackTeam "Tabor II"]
[WhiteTeamCountry "CZE"]
[BlackTeamCountry "CZE"]

1. e4 g6 2. d4 Bg7 3. Nf3 d6 4. Be2 c5 5. 0-0 cxd4 6. Nxd4 Nf6 7. e5 dxe5 8. Nb5 Nbd7 9. f4 0-0 10. Kh1 Qb6 11. N1c3 a6 12. Na3 exf4 13. Nc4 Qc7 14. Bxf4 e5 15. Bg3 b5 16. Nd6 b4 17. Nd5 Nxd5 18. Qxd5 Nb6 19. Qd2 Be6 20. Qxb4 Nd5 21. Qa3 Qxc2 22. Bf3 Rab8 23. Rad1 Nb4 24. Rf2 Qc7 25. b3 Rfd8 26. Ne4 Rxd1+ 27. Bxd1 f5 28. Ng5 Qd8 0-1

[Event "CZE-chT2a 0405"]
[Site "Czech Republic"]
[Date "2005.03.06"]
[Round "9.3"]
[White "Satransky, Jaroslav"]
[Black "Falout, Lubos"]
[Result "1/2-1/2"]
[WhiteElo "2169"]
[BlackElo "2197"]
[PlyCount "97"]
[EventDate "2004.10.17"]
[EventType "team"]
[EventRounds "11"]
[EventCountry "CZE"]
[SourceTitle "EXT 2007"]
[Source "ChessBase"]
[SourceDate "2006.11.23"]
[SourceVersion "1"]
[SourceVersionDate "2006.11.23"]
[SourceQuality "1"]
[WhiteTeam "Kladno"]
[BlackTeam "Plzen Letna"]
[WhiteTeamCountry "CZE"]
[BlackTeamCountry "CZE"]

1. e4 e6 2. d4 d5 3. Nd2 dxe4 4. Nxe4 Nd7 5. Bd3 Ngf6 6. c3 Be7 7. Nf3 0-0 8. Qe2 b6 9. Ne5 Bb7 10. Ng5 Qe8 11. f4 c5 12. Be3 cxd4 13. Bxd4 Nc5 14. Ng4 Nd5 15. Nf6+ Nxf6 16. Bxf6 Nxd3+ 17. Qxd3 g6 18. Nxh7 Bxg2 19. Qg3 Qc6 20. 0-0-0 Bxf6 21. Nxf6+ Kg7 22. Nh5+ Kg8 23. Rhg1 Bf3 24. Nf6+ Kg7 25. Rd3 Kxf6 26. Rxf3 Rad8 27. Qg5+ Kg7 28. Qe5+ f6 29. Qh5 Qe4 30. Rxg6+ Qxg6 31. Rg3 Qxg3 32. hxg3 Rd5 33. Qg4+ Kf7 34. Qf3 Rh8 35. c4 Rc8 36. b3 Rdc5 37. a4 b5 38. axb5 Rxb5 39. Kd2 Rb6 40. Qd3 Rg8 41. c5 Rb7 42. f5 Re7 43. g4 exf5 44. Qd5+ Kg7 45. gxf5 Rc8 46. b4 Rcc7 47. Kc3 Kh6 48. Qd2+ Kh5 49. Qf4 1/2-1/2

[Event "CZE-chT2a 0405"]
[Site "Czech Republic"]
[Date "2004.12.19"]
[Round "5.3"]
[White "Ptak, Pavel"]
[Black "Falout, Lubos"]
[Result "1-0"]
[WhiteElo "2138"]
[BlackElo "2197"]
[PlyCount "81"]
[EventDate "2004.10.17"]
[EventType "team"]
[EventRounds "11"]
[EventCountry "CZE"]
[SourceTitle "EXT 2007"]
[Source "ChessBase"]
[SourceDate "2006.11.23"]
[SourceVersion "1"]
[SourceVersionDate "2006.11.23"]
[SourceQuality "1"]
[WhiteTeam "Pisek"]
[BlackTeam "Plzen Letna"]
[WhiteTeamCountry "CZE"]
[BlackTeamCountry "CZE"]

1. g3 d5 2. Nf3 c5 3. Bg2 Nf6 4. 0-0 Nc6 5. d4 e6 6. c4 dxc4 7. Ne5 Nxe5 8. dxe5 Qxd1 9. Rxd1 Nd7 10. Na3 Be7 11. Nxc4 Rb8 12. f4 0-0 13. Be3 b6 14. a4 Rd8 15. Nd6 Nf8 16. Nb5 Rxd1+ 17. Rxd1 Bd7 18. Nxa7 Bxa4 19. Ra1 Be8 20. Nc6 Bxc6 21. Bxc6 f6 22. Ra7 Kf7 23. exf6 gxf6 24. Kf2 Ng6 25. h4 Nf8 26. g4 Rc8 27. Bb5 Rd8 28. f5 exf5 29. Bc4+ Ke8 30. gxf5 Rb8 31. Bf4 Rd8 32. b3 Rd1 33. Bb5+ Kf7 34. e4 Rd4 35. Kf3 Rb4 36. Bc4+ Ke8 37. Bd2 b5 38. Bxb4 bxc4 39. Rxe7+ Kxe7 40. Bxc5+ Kf7 41. Bxf8 1-0